Guía para las pruebas de puesta en marcha de una central hidroeléctrica
محفوظ في:
| المؤلف الرئيسي: | |
|---|---|
| التنسيق: | كتاب |
| منشور في: |
[San José, Costa Rica]
2009
|
| الموضوعات: | |
| الوسوم: |
إضافة وسم
لا توجد وسوم, كن أول من يضع وسما على هذه التسجيلة!
|
MARC
| LEADER | 00000nam a2200000Ia 4500 | ||
|---|---|---|---|
| 003 | 010513 | ||
| 005 | 20221231144039.0 | ||
| 008 | 140114s2009 cr a 000 ||s d | ||
| 040 | |c cru CEDI | ||
| 090 | |a TFG 6115 | ||
| 100 | |a Rojas Ramírez, Adrián Leonardo |9 1332 | ||
| 245 | |a Guía para las pruebas de puesta en marcha de una central hidroeléctrica | ||
| 260 | |c 2009 |b [San José, Costa Rica] | ||
| 500 | |a Proyecto de graduación (bachillerato en ingeniería eléctrica)--Universidad de Costa Rica. Facultad de Ingeniería. Escuela de Ingeniería Eléctrica | ||
| 650 | |x CENTRALES HIDROELECTRICAS |x ENERGIA ELECTRICA |x PRODUCCION |9 3189 | ||
| 942 | |c TFG | ||
| 999 | |c 16100 |d 16100 | ||
